00584nam a2200169 a 450000100100000000500170001000800410002704000180006808200200008610000250010624500430013126001000017430000200027458600700029465000240036465000260038800000124120200929145522.0911205s1986 ve 000 p spa  aDO-SdBNPcDLC aVe861.44bD352t1 aDelgado Arria, Luis.10aTarea de resaca /cLuis Delgado Arria. aCaracas, Venezuela :bFundación Centro de Estudios Latinoamericanos Rómulo Gallegos,c1986. a55 p. ;c19 cm. a"Premio Fernando Paz Castillo, Mención poesía, Caracas 1986." 4aPoesía venezolana 4aLiteratura venezolana